| 000 | 00409cam a2200169ua 4500 | ||
|---|---|---|---|
| 020 | _cRs.5/- | ||
| 041 |
_ahin _h |
||
| 082 |
_a891.54 _bANA/PA |
||
| 100 | _aAnath prakashJai, . | ||
| 245 |
_aPalkom ki dal / _cAnath prakas jai. _hTextual Documents |
||
| 260 |
_a : _bRajapal yada sangei , _c1962. |
||
| 300 | _a311 ; . | ||
| 365 | _aRs.5/- | ||
| 504 | _a | ||
| 942 | _cBK | ||
| 999 |
_c12066 _d12066 |
||